000 00603nam a2200181Ia 4500
008 151018s9999 xx 000 0 und d
082 _bRBASDV20308
_a110
100 _aह न जोशी
245 _aश्री क्षेत्र औदुंबर
250 _b1
260 _bजयहिंद प्रकाशन मुंबई
_c1977
300 _a48
600 _aह न जोशी
630 _aश्री क्षेत्र औदुंबर
700 _aह न जोशी
730 _aश्री क्षेत्र औदुंबर
942 _cBOOK
999 _c1020935
_d1020932